<?xml version="1.0" encoding="UTF-8"?>
<record
    xmlns:xsi="http://www.w3.org/2001/XMLSchema-instance"
    xsi:schemaLocation="http://www.loc.gov/MARC21/slim http://www.loc.gov/standards/marcxml/schema/MARC21slim.xsd"
    xmlns="http://www.loc.gov/MARC21/slim">

  <leader>03970cam a22003015a 4500</leader>
  <controlfield tag="001">16907381</controlfield>
  <controlfield tag="005">20201128021424.0</controlfield>
  <controlfield tag="008">110806t2012    flua   frb    001 0 eng d</controlfield>
  <datafield tag="020" ind1=" " ind2=" ">
    <subfield code="a">9781420092189 (hardback)</subfield>
  </datafield>
  <datafield tag="040" ind1=" " ind2=" ">
    <subfield code="a">DLC</subfield>
    <subfield code="b">eng</subfield>
    <subfield code="c">DLC</subfield>
    <subfield code="d">DLC</subfield>
    <subfield code="d">EG-ScBUE </subfield>
    <subfield code="d">EG-ScBUE </subfield>
  </datafield>
  <datafield tag="082" ind1="0" ind2="4">
    <subfield code="a">621.36</subfield>
    <subfield code="b">TUT</subfield>
    <subfield code="2">22</subfield>
  </datafield>
  <datafield tag="245" ind1="0" ind2="0">
    <subfield code="a">Tutorials in metamaterials /</subfield>
    <subfield code="c">edited by Mikhail A. Noginov, Viktor A. Podolskiy.</subfield>
  </datafield>
  <datafield tag="260" ind1=" " ind2=" ">
    <subfield code="a">Boca Raton :</subfield>
    <subfield code="b">CRC Press / Taylor &amp; Francis Group,</subfield>
    <subfield code="c">c.2012 .</subfield>
  </datafield>
  <datafield tag="300" ind1=" " ind2=" ">
    <subfield code="a">xiv, 293 p. :</subfield>
    <subfield code="b">ill. (some col.) ;</subfield>
    <subfield code="c">24 cm.</subfield>
  </datafield>
  <datafield tag="490" ind1="0" ind2=" ">
    <subfield code="a">Series in nano-optics and nanophotonics</subfield>
  </datafield>
  <datafield tag="500" ind1=" " ind2=" ">
    <subfield code="a">Index : p. 285-293.</subfield>
  </datafield>
  <datafield tag="504" ind1=" " ind2=" ">
    <subfield code="a">Includes bibliographical references.</subfield>
  </datafield>
  <datafield tag="520" ind1=" " ind2=" ">
    <subfield code="a">"From science fiction to science laboratoriesDiscover the State of the Art in Photonic MetamaterialsMetamaterialsomposite media with unusual optical propertieshave revolutionized the landscape of optical science and engineering over the past decades. Metamaterials have transformed science-fiction-like concepts of superresolution imaging and optical cloaking to the realm of science laboratories, and further promise to transform these into the realm of our everyday life. This new era of optical metamaterials calls for the development of experimental and theoretical methods capable of analyzing optical behavior on the multitude of scalesfrom the nanometer scale of individual inhomogeneity, to the micrometer level and the larger scale of metamaterials-based devices. Tutorials in Metamaterials offers a collection of chapters that were designed as self-contained tutorials describing photonic metamaterials and the state of the art in metamaterials research. Chapters cover:Linear and nonlinear properties of photonic metamaterials and their potential applicationsFabrication techniques for optical metamaterials, ranging from electron-beam lithography, focused ion beam milling, and nanoimprint lithography to direct laser writingRecent achievements in metatamerial research at visible, IR, and microwave frequenciesNovel applications of metamaterials for light guiding, steering, and refractionEfforts to compensate and eliminate optical loss by introducing optical gain into the metamaterial matrixA comprehensive overview of metamaterial photonics, this reference is suitable for graduate students as well as physicists and engineers interested in entering this dynamic new field"--</subfield>
  </datafield>
  <datafield tag="520" ind1=" " ind2=" ">
    <subfield code="a">"Preface to 'Tutorials in Metamaterials" Metamaterials - composite media with unusual optical properties - have revolutionized the landscape of optical science and engineering over the past decades. Metamaterials have transformed science-fiction-like concepts of superresolution imaging and optical cloaking to the realm of science laboratories, and further promise to transform these into the realm of our everyday life. The new era of optical metamaterials calls for the development of experimental and theoretical methods capable of analyzing optical behavior on the multitude of scales, starting from the nanometer scale of individual inhomogeneity, to the micrometer of the metamaterial, to an even larger scale of the metamaterials-based device. Future progress in the areas of photonics, plasmonics, and metamaterials critically depends on our ability to answer this call. This book is a collection of self-contained tutorials describing metamaterial photonics, aimed at upper undergraduates, graduate students, as well as experts in physics and engineering who are willing to familiarize themselves with the state of the art in the metamateirals research. It starts with the most general reviews and progresses to more specialized topics. "--</subfield>
  </datafield>
  <datafield tag="650" ind1=" " ind2="7">
    <subfield code="a">Optical materials.</subfield>
    <subfield code="2">BUEsh</subfield>
    <subfield code="9">37128</subfield>
  </datafield>
  <datafield tag="650" ind1=" " ind2="7">
    <subfield code="a">Nanostructured materials.</subfield>
    <subfield code="2">BUEsh</subfield>
    <subfield code="9">518</subfield>
  </datafield>
  <datafield tag="650" ind1=" " ind2="7">
    <subfield code="a">Metamaterials.</subfield>
    <subfield code="2">BUEsh</subfield>
    <subfield code="9">31680</subfield>
  </datafield>
  <datafield tag="651" ind1=" " ind2=" ">
    <subfield code="2">BUEsh</subfield>
  </datafield>
  <datafield tag="653" ind1=" " ind2=" ">
    <subfield code="b">ENGGEN</subfield>
    <subfield code="c">July2015</subfield>
    <subfield code="c">February2016</subfield>
  </datafield>
  <datafield tag="700" ind1="1" ind2=" ">
    <subfield code="a">Noginov, Mikhail A.,</subfield>
    <subfield code="e">editor.</subfield>
  </datafield>
  <datafield tag="700" ind1="1" ind2=" ">
    <subfield code="a">Podolskiy, Viktor A.,</subfield>
    <subfield code="e">editor.</subfield>
  </datafield>
  <datafield tag="942" ind1=" " ind2=" ">
    <subfield code="2">ddc</subfield>
  </datafield>
  <datafield tag="999" ind1=" " ind2=" ">
    <subfield code="c">20305</subfield>
    <subfield code="d">20277</subfield>
  </datafield>
  <datafield tag="952" ind1=" " ind2=" ">
    <subfield code="0">0</subfield>
    <subfield code="1">0</subfield>
    <subfield code="2">ddc</subfield>
    <subfield code="4">0</subfield>
    <subfield code="7">0</subfield>
    <subfield code="8">Baccah</subfield>
    <subfield code="a">MAIN</subfield>
    <subfield code="b">MAIN</subfield>
    <subfield code="c">1ST</subfield>
    <subfield code="d">2015-07-08</subfield>
    <subfield code="e">Purchase</subfield>
    <subfield code="g">549.00</subfield>
    <subfield code="h">21782</subfield>
    <subfield code="l">0</subfield>
    <subfield code="o">621.36 TUT</subfield>
    <subfield code="p">000039268</subfield>
    <subfield code="r">2025-07-15 00:00:00</subfield>
    <subfield code="v">686.00</subfield>
    <subfield code="y">BB</subfield>
  </datafield>
</record>
